| Tag |
First Indicator |
Second Indicator |
Subfields |
| LEADER |
00000cam a2200000 a 4500 |
| 001 |
in00000092851 |
| 005 |
20150923173323.0 |
| 008 |
811203s1980 caua b 00010 eng |
| 010 |
|
|
|a 81183346
|
| 020 |
|
|
|a 0913232769 (pbk.) :
|c $7.95
|
| 035 |
|
|
|a (OCoLC)08033349
|
| 035 |
|
|
|9 AAK7858AM
|
| 039 |
0 |
|
|a 2
|b 3
|c 3
|d 3
|e 3
|
| 040 |
|
|
|a DLC
|c DLC
|d TXA
|d UtOrBLW
|
| 049 |
|
|
|a TXAM
|c [1561986]
|
| 050 |
0 |
0 |
|a T359
|b H36 1980
|
| 082 |
0 |
|
|a 604.2/42
|2 19
|
| 100 |
1 |
|
|a Hanks, Kurt,
|d 1947-
|
| 245 |
1 |
0 |
|a Rapid viz :
|b a new method for the rapid visualization of ideas /
|c Hanks and Belliston.
|
| 250 |
|
|
|a Experimental ed.
|
| 264 |
|
1 |
|a Los Altos, Calif. :
|b W. Kaufmann,
|c [1980]
|
| 264 |
|
4 |
|c ©1980
|
| 300 |
|
|
|a 149 pages, 2 unnumbered pages :
|b illustrations ;
|c 22 x 28 cm.
|
| 336 |
|
|
|a text
|b txt
|2 rdacontent
|
| 337 |
|
|
|a unmediated
|b n
|2 rdamedia
|
| 338 |
|
|
|a volume
|b nc
|2 rdacarrier
|
| 504 |
|
|
|a Bibliography: page [151].
|
| 650 |
|
0 |
|a Freehand technical sketching.
|
| 650 |
|
0 |
|a Drawing.
|
| 650 |
|
0 |
|a Visualization.
|
| 700 |
1 |
|
|a Belliston, Larry,
|d 1949-
|
| 999 |
|
|
|a MARS
|
| 999 |
f |
f |
|s 333f9763-59e0-3a82-a62a-b582a47b18db
|i 799ff804-fc1f-3040-86a4-3ad24067a906
|t 0
|
| 952 |
f |
f |
|p ric
|a Texas A&M University
|b Rellis Campus
|c Joint Library Facility
|d Remote Storage
|t 0
|e T359 H36 1980
|h Library of Congress classification
|i unmediated -- volume
|m A14806015026
|
| 998 |
f |
f |
|a T359 H36 1980
|t 0
|l Remote Storage
|